00513nam a22001697a 4500003000400000008004100004082001700045100002300062245011100085260006800196300001000264502001700274650001700291650001300308650001100321650001100332OSt260430b |||||||| |||| 00| 0 eng d a635.63bM29M aMandal, Gobardhan. aManifestation of Heterosis and Seasonal Adaptability in Cucumber (Cucumis sativus L.)cby Gobardhan Mandal a.- Sabour, Bhagalpurb: Bihar Agricultural College, RAUc, 1990 a137p. bPh. D.d1990 aHorticulture aCucumber aThesis aPh. D.